[Event "Open Tournament For Novices #5"]
[Site "SchemingMind.com"]
[Date "2007.05.08"]
[Round "-"]
[White "jhobeck"]
[Black "mart_r3000"]
[Result "1-0"]
[WhiteCountry "USA"]
[BlackCountry "ENG"]
[WhiteElo "1285"]
[WhiteRD "66"]
[BlackElo "1338"]
[BlackRD "52"]
[GameID "104353"]

1. e4 e5 2. f4 Nc6 3. Nf3 exf4 4. Bc4 Nf6 5. Nc3 Bc5 6. d4 Bb6 7. Bxf4 O-O 8. e5 Ng4 9. Qd3 Nb4 10. Qe4 Bxd4
11. Ng5 Nf6 12. exf6 g6 13. Bxf7+ Rxf7 14. Nxf7 Kxf7 15. Nd5 Nxc2+ 16. Qxc2 Qe8+ 17. Qe2 Qxe2+ 18. Kxe2 d6 19. Rad1 Bg4+ 20. Kd3 Bc5
21. Rhe1 Bxd1 22. Rxd1 Ke6 23. Nxc7+ Kxf6 24. Nxa8 g5 25. Be3 b6 26. Rf1+ Ke5 27. Rf7 a5 28. Bxg5 d5 29. g4 b5 30. Bf6+ Ke6
31. Rxh7 Kxf6 32. Rh5 Ke6 33. Nc7+ Kd6 34. Nxb5+ Kc6 35. Nd4+ Kd6 36. g5 Ke5 37. g6+ Kf6 38. Rh6 Kg7 39. Nf5+ Kf6 40. g7+ Kf7
41. Rh8
1-0

[Event "Open Tournament For Novices #5"]
[Site "SchemingMind.com"]
[Date "2007.05.08"]
[Round "-"]
[White "mart_r3000"]
[Black "jhobeck"]
[Result "1-0"]
[WhiteCountry "ENG"]
[BlackCountry "USA"]
[WhiteElo "1338"]
[WhiteRD "52"]
[BlackElo "1285"]
[BlackRD "66"]
[GameID "104354"]

1. e4 e6 2. d4 d5 3. Nc3 Nf6 4. Bd3 Bb4 5. Bd2 Nc6 6. e5 Nd7 7. Nf3 O-O 8. Ng5 Nxd4 9. Qh5 h6 10. h4 Nxe5
11. Bf4 Nxd3+ 12. cxd3 Nc2+ 13. Kd2 Nxa1 14. d4 Qf6 15. g3 Qxd4+ 16. Ke2 Qc4+ 17. Kf3 Qd3+ 18. Kg2 f6 19. Nf3 e5 20. Ne1 Qd4
21. Be3 Qc4 22. Qg6 d4 23. Bxh6 Qd5+ 24. Nxd5 Rf7 25. Nxf6+ Kf8 26. Bxg7+ Rxg7 27. Qe8#
1-0

[Event "Open Tournament For Novices #5"]
[Site "SchemingMind.com"]
[Date "2007.05.09"]
[Round "-"]
[White "punmanbowler"]
[Black "mart_r3000"]
[Result "1-0"]
[WhiteCountry "USA"]
[BlackCountry "ENG"]
[WhiteElo "1432"]
[WhiteRD "77"]
[BlackElo "1278"]
[BlackRD "60"]
[GameID "104433"]

1. e4 e5 2. Nf3 Nc6 3. d4 exd4 4. Nxd4 Nxd4 5. Qxd4 f6 6. Bc4 c5 7. Qd3 Ne7 8. Be3 Qa5+ 9. c3 Qb6 10. O-O d6
11. Bb5+ Nc6 12. c4 Qd8 13. Nc3 Bd7 14. b3 Be7 15. Nd5 O-O 16. Bf4 g5 17. Bd2 Ne5 18. Qe2 Bg4 19. f3 Nxf3+ 20. gxf3 Bh5
21. b4 Rf7 22. bxc5 dxc5 23. Qg2 a6 24. Ba4 Rg7 25. Rab1 Rb8 26. Qh3 Bf7 27. Rbd1 Qd6 28. Ba5 h5 29. Bc7 g4 30. fxg4 Qe6
31. Bxb8
1-0

[Event "Open Tournament For Novices #5"]
[Site "SchemingMind.com"]
[Date "2007.05.09"]
[Round "-"]
[White "punmanbowler"]
[Black "jhobeck"]
[Result "1-0"]
[WhiteCountry "USA"]
[BlackCountry "USA"]
[WhiteElo "1407"]
[WhiteRD "81"]
[BlackElo "1270"]
[BlackRD "70"]
[GameID "104434"]

1. e4 d5 2. Nc3 Nf6 3. d4 e6 4. Bf4 Bd6 5. Qd2 Nxe4 6. Nxe4 Bxf4 7. Qxf4 dxe4 8. Qxe4 Qd5 9. Qe5 Qxe5+ 10. dxe5 Nc6
11. O-O-O O-O 12. Nf3 b6 13. Bb5 Bd7 14. Rxd7 Nb8 15. Rxc7 h6 16. Rd1 a6 17. Be2 a5 18. b3 Na6 19. Rb7 Rac8 20. Bxa6 Rc3
21. Rxb6 Re8 22. Bb5 Re7 23. Rb8+ Kh7 24. Kb2 Rec7 25. Rdd8 Rxc2+ 26. Ka3 Rxf2 27. Nh4 g5 28. Rh8+ Kg7 29. Rbg8#
1-0

[Event "Open Tournament For Novices #5"]
[Site "SchemingMind.com"]
[Date "2007.05.10"]
[Round "-"]
[White "mart_r3000"]
[Black "punmanbowler"]
[Result "0-1"]
[WhiteCountry "ENG"]
[BlackCountry "USA"]
[WhiteElo "1278"]
[WhiteRD "60"]
[BlackElo "1432"]
[BlackRD "77"]
[GameID "104435"]

1. e4 Nf6 2. Nc3 Nc6 3. Bc4 e6 4. Nf3 d5 5. exd5 exd5 6. Qe2+ Be7 7. d4 O-O 8. Ne5 Bd7 9. Bg5 Nxd4 10. Qd3 Nc6
11. Nxf7 Rxf7 12. Nxd5 Nxd5 13. Qxd5 Qe8 14. O-O-O Bg4 15. f3 Bf5 16. Qxf5 Nb8 17. Bxe7 Qxe7 18. Rhe1 Qf8 19. Rd4 Nc6 20. Rde4 b6
21. Rh4 h6 22. Qg6 Re8 23. Ree4 Ne7 24. Qg4 g5 25. Qe6 gxh4 26. Rg4+ Kh7 27. Bd3+ Nf5 28. Qg6+ Kh8 29. Rf4 Re1+
0-1

[Event "Open Tournament For Novices #5"]
[Site "SchemingMind.com"]
[Date "2007.05.09"]
[Round "-"]
[White "loulou19"]
[Black "mart_r3000"]
[Result "0-1"]
[WhiteCountry "GBR"]
[BlackCountry "ENG"]
[WhiteElo "1457"]
[WhiteRD "68"]
[BlackElo "1338"]
[BlackRD "52"]
[GameID "104513"]

1. e4 c5 2. c3 Nf6 3. e5 Nd5 4. Bc4 e6 5. d4 Nb6 6. Bd3 c4 7. Bc2 d5 8. Nf3 Be7 9. O-O f6 10. Na3 Nc6
11. Ba4 Nxa4 12. Qxa4 O-O 13. b3 a6 14. bxc4 fxe5 15. dxe5 Rf5 16. cxd5 exd5 17. Qd1 Be6 18. h3 Nxe5 19. Nd4 Rf6 20. Re1 Rg6
21. Rxe5 Bxh3 22. Qf3 Bxg2 23. Qxd5+ Qxd5 24. Rxd5 Bxd5+ 25. Kf1 Re8 26. c4 Bb4 27. cxd5 Re1#
0-1

[Event "Open Tournament For Novices #5"]
[Site "SchemingMind.com"]
[Date "2007.05.09"]
[Round "-"]
[White "loulou19"]
[Black "jhobeck"]
[Result "1-0"]
[WhiteCountry "GBR"]
[BlackCountry "USA"]
[WhiteElo "1514"]
[WhiteRD "67"]
[BlackElo "1257"]
[BlackRD "73"]
[GameID "104514"]

1. e4 e6 2. d4 d5 3. Nc3 Nf6 4. Bg5 Be7 5. e5 Nfd7 6. Nf3 f6 7. Bh4 Nc6 8. Bb5 a6 9. Bxc6 bxc6 10. O-O fxe5
11. dxe5 Bxh4 12. b4 Be7 13. h3 O-O 14. Nd4 Bh4 15. Nxc6 Qg5 16. f4 Rxf4 17. Ne7+ Kh8 18. Ne2 Bf2+ 19. Rxf2 Qh4 20. Nxf4 Bb7
21. Nfg6+ hxg6 22. Nxg6+ Kh7 23. Nxh4 Nxe5 24. Qh5+ Kg8 25. Qxe5
1-0

[Event "Open Tournament For Novices #5"]
[Site "SchemingMind.com"]
[Date "2007.05.10"]
[Round "-"]
[White "loulou19"]
[Black "punmanbowler"]
[Result "1-0"]
[WhiteCountry "GBR"]
[BlackCountry "USA"]
[WhiteElo "1478"]
[WhiteRD "69"]
[BlackElo "1407"]
[BlackRD "81"]
[GameID "104515"]

1. e4 e5 2. Nf3 d6 3. d4 f6 4. Bc4 Nc6 5. O-O Nge7 6. d5 Na5 7. b3 c6 8. h3 b5 9. Bd3 cxd5 10. exd5 Ba6
11. Nc3 Qc7 12. Nxb5 Bxb5 13. Bxb5+ Kd8 14. a4 a6 15. Bd3 Nxd5 16. c4 Nc3 17. Qc2 Nxb3 18. Qxb3 Qa5 19. Bd2 d5 20. Bxc3 Qc7
21. Bb4 Rb8 22. c5 a5 23. Qxd5+ Kc8 24. Ba6+ Rb7 25. Bxb7+ Kb8 26. Bxa5 Qxa5 27. Rfb1 Bxc5 28. Ba6+ Ka7 29. Qb7#
1-0

[Event "Open Tournament For Novices #5"]
[Site "SchemingMind.com"]
[Date "2007.05.09"]
[Round "-"]
[White "mart_r3000"]
[Black "loulou19"]
[Result "0-1"]
[WhiteCountry "ENG"]
[BlackCountry "GBR"]
[WhiteElo "1278"]
[WhiteRD "60"]
[BlackElo "1514"]
[BlackRD "67"]
[GameID "104516"]

1. e4 c5 2. Nc3 Nc6 3. f4 g6 4. e5 d6 5. Nf3 Bg4 6. exd6 exd6 7. Nd5 Nf6 8. Qe2+ Be7 9. Nxf6+ Kf8 10. Nxg4 Nb4
11. Qc4 d5 12. Qe2 Nxc2+ 13. Kd1 Nxa1 14. d4 c4 15. Qe5 f6 16. Nxf6 Bxf6 17. Qe3 b5 18. f5 g5 19. Qa3+ Be7 20. Qe3 g4
21. Qh6+ Ke8 22. Ne5 Qb6 23. Qh5+ Kf8
0-1

[Event "Open Tournament For Novices #5"]
[Site "SchemingMind.com"]
[Date "2007.05.10"]
[Round "-"]
[White "jhobeck"]
[Black "loulou19"]
[Result "0-1"]
[WhiteCountry "USA"]
[BlackCountry "GBR"]
[WhiteElo "1257"]
[WhiteRD "73"]
[BlackElo "1514"]
[BlackRD "67"]
[GameID "104517"]

1. e4 e5 2. f4 d5 3. exd5 c6 4. Nc3 cxd5 5. Bb5+ Bd7 6. fxe5 a6 7. Ba4 Bc6 8. Nf3 Bc5 9. d4 Bb4 10. Bg5 f6
11. Bf4 Bxa4 12. O-O Nc6 13. Qe2 Bb5 14. exf6+ Bxe2 15. fxg7 Bxf1 16. Rxf1 Qf6 17. gxh8=Q Qxh8 18. Re1+ Nge7 19. Be5 Qg8 20. Bf6 Qg6
21. Re6 Qxc2 22. Ne1 Qxb2 23. Nxd5 Rd8 24. Nc7+ Kf7 25. Bg5 Rxd4 26. Rf6+ Kg7 27. Ne8+ Kg8 28. Nf3 Rd1+ 29. Ne1 Rxe1+ 30. Rf1 Qd4+
0-1

[Event "Open Tournament For Novices #5"]
[Site "SchemingMind.com"]
[Date "2007.05.10"]
[Round "-"]
[White "punmanbowler"]
[Black "loulou19"]
[Result "1-0"]
[WhiteCountry "USA"]
[BlackCountry "GBR"]
[WhiteElo "1407"]
[WhiteRD "81"]
[BlackElo "1478"]
[BlackRD "69"]
[GameID "104518"]

1. d4 d5 2. Nc3 Nf6 3. Bf4 e6 4. e4 dxe4 5. Nb5 Nd5 6. Bg3 Nc6 7. Qg4 Bb4+ 8. c3 Bd6 9. Qxg7 Rf8 10. Qxh7 a6
11. Na3 b5 12. Nh3 Nf6 13. Qh4 Bb7 14. Be2 Qd7 15. Qxf6 Be7 16. Qh6 b4 17. Nc4 Bf6 18. Qxf6 Ne7 19. Ne5 Qa4 20. b3 Qa3
21. O-O Qb2 22. Bh5 Qxc3 23. Bh4 Nd5 24. Qxe6+
1-0

[Event "Open Tournament For Novices #5"]
[Site "SchemingMind.com"]
[Date "2007.05.10"]
[Round "-"]
[White "jtrochez1"]
[Black "mart_r3000"]
[Result "1-0"]
[WhiteCountry "HON"]
[BlackCountry "ENG"]
[WhiteElo "1559"]
[WhiteRD "45"]
[BlackElo "1338"]
[BlackRD "52"]
[GameID "104566"]

1. e4 e5 2. Nf3 Nc6 3. Be2 Nf6 4. d3 Bb4+ 5. c3 Bc5 6. h3 d5 7. Bg5 O-O 8. Qc2 dxe4 9. dxe4 Nd4 10. cxd4 exd4
11. Qxc5 h6 12. Bh4 b6 13. Qc2 Bb7 14. Bd3 Re8 15. Nbd2 g5 16. Nxg5 Nd5 17. Ngf3 Nb4 18. Qb1 Qd6 19. O-O Kh8 20. a3 Nc6
21. Bg3 Qf6 22. Re1 Qg7 23. e5 Rad8 24. b4 Ne7 25. e6 f5 26. Be5 Rg8 27. Bxg7+ Rxg7 28. Nh4 Rf8 29. f3 f4 30. Ng6+ Nxg6
31. Bxg6 Bc6 32. Bf7 Be8 33. Bxe8 Rxe8 34. Qe4 Ree7 35. Qxd4 Kh7 36. Qxf4 Re8 37. Re5 Reg8 38. Qf5+ Rg6 39. Ne4
1-0

[Event "Open Tournament For Novices #5"]
[Site "SchemingMind.com"]
[Date "2007.05.10"]
[Round "-"]
[White "jtrochez1"]
[Black "jhobeck"]
[Result "1-0"]
[WhiteCountry "HON"]
[BlackCountry "USA"]
[WhiteElo "1559"]
[WhiteRD "45"]
[BlackElo "1285"]
[BlackRD "66"]
[GameID "104567"]

1. e4 d5 2. exd5 Qxd5 3. Nc3 Qd6 4. Nf3 Nf6 5. h3 e6 6. d3 c5 7. b3 c4 8. bxc4 Qb4 9. Bd2 Bc5 10. Be2 Bb6
11. Nd5 Qc5 12. Be3 Qa5+ 13. Bd2 Qc5 14. Be3 Qb4+ 15. Nxb4 Ba5 16. c3 O-O 17. Qc1 Bc7 18. Bh6 Nh5 19. g4 Ng3 20. fxg3 Bxg3+
21. Kf1 gxh6 22. Qxh6 Bd6 23. Ng5
1-0

[Event "Open Tournament For Novices #5"]
[Site "SchemingMind.com"]
[Date "2007.05.10"]
[Round "-"]
[White "jtrochez1"]
[Black "loulou19"]
[Result "1-0"]
[WhiteCountry "HON"]
[BlackCountry "GBR"]
[WhiteElo "1559"]
[WhiteRD "45"]
[BlackElo "1457"]
[BlackRD "68"]
[GameID "104568"]

1. e4 e5 2. Nf3 Nc6 3. Nc3 Nf6 4. d4 Bb4 5. Bd2 Nxd4 6. Bd3 Nxf3+ 7. Qxf3 d6 8. h3 O-O 9. a3 Bxc3 10. Bxc3 c5
11. Bd2 b6 12. Bg5 a6 13. a4 h6 14. h4 hxg5 15. hxg5 Nh7 16. Qh5 f6 17. g6 Ng5 18. Qh8#
1-0

[Event "Open Tournament For Novices #5"]
[Site "SchemingMind.com"]
[Date "2007.05.10"]
[Round "-"]
[White "jtrochez1"]
[Black "punmanbowler"]
[Result "1-0"]
[WhiteCountry "HON"]
[BlackCountry "USA"]
[WhiteElo "1569"]
[WhiteRD "49"]
[BlackElo "1407"]
[BlackRD "81"]
[GameID "104569"]

1. e4 e5 2. Nf3 d6 3. h3 Nf6 4. Nc3 Nc6 5. Bb5 a6 6. Bxc6+ bxc6 7. d4 exd4 8. Nxd4 c5 9. Nf3 Qe7 10. Bg5 h6
11. Bxf6 Qxf6 12. Rb1 Bb7 13. Nd5 Qg6 14. Nxc7+ Kd8 15. Nxa8 Bxa8 16. O-O Bxe4 17. Rc1 d5 18. Re1 c4 19. c3 Bc5 20. b3 Ke7
21. b4 Bb6 22. Qxd5 Kf8 23. Rxe4 Qg3 24. Qa8+
1-0

[Event "Open Tournament For Novices #5"]
[Site "SchemingMind.com"]
[Date "2007.05.10"]
[Round "-"]
[White "mart_r3000"]
[Black "jtrochez1"]
[Result "0-1"]
[WhiteCountry "ENG"]
[BlackCountry "HON"]
[WhiteElo "1338"]
[WhiteRD "52"]
[BlackElo "1559"]
[BlackRD "45"]
[GameID "104570"]

1. e4 c5 2. d4 cxd4 3. Qxd4 Nc6 4. Qd1 d6 5. Bb5 Bd7 6. Nc3 e5 7. Nf3 a6 8. Bc4 h6 9. O-O Bg4 10. Qd3 Be7
11. Nd5 Be6 12. g3 Nf6 13. Nh4 Nxd5 14. exd5 Bh3 15. Re1 Bxh4 16. Bf4 Nb4 17. Qc3 Bf6 18. Qxb4 O-O 19. Bd2 Qd7 20. f4 b5
21. Be2 exf4 22. Qxf4 Be5 23. Qe4 Rae8 24. g4 Bxh2+ 25. Kxh2 Rxe4 26. Kxh3 f5 27. Kg3 fxg4 28. Bc3 h5 29. Bd2 Qe7 30. Kg2 h4
31. Bb4 h3+ 32. Kg3 Rxb4 33. Bxg4 Qg5 34. Kxh3 Qxg4+
0-1

[Event "Open Tournament For Novices #5"]
[Site "SchemingMind.com"]
[Date "2007.05.10"]
[Round "-"]
[White "jhobeck"]
[Black "jtrochez1"]
[Result "0-1"]
[WhiteCountry "USA"]
[BlackCountry "HON"]
[WhiteElo "1285"]
[WhiteRD "66"]
[BlackElo "1559"]
[BlackRD "45"]
[GameID "104571"]

1. e4 c5 2. c3 Nc6 3. d4 cxd4 4. cxd4 g6 5. Nf3 Bg7 6. Bb5 e6 7. Ng5 Nxd4 8. O-O Nc6 9. Qf3 Nf6 10. Bf4 O-O
11. Bd6 Re8 12. e5 Nd4 13. Qh3 Nh5 14. Nc3 Qxg5 15. Ne4 Qh6 16. Qh4 Nxb5 17. Be7 Bxe5 18. Bg5 Qg7 19. Rae1 Nd4 20. Re3 Nf5
21. Qg4 Nxe3 22. Bxe3 f5 23. Qg5 fxe4 24. Bc5 d6 25. Be3 Bf6 26. Qb5 Rd8 27. Qc4 d5 28. Qc5 Bxb2 29. Qa5 Bd7 30. Qc7 b6
31. Bg5 Rdc8 32. Qd6 Rc6 33. Qb4 a5 34. Qd2 Rac8 35. Qe1 h6 36. Be3 d4 37. Bd2 Bc3
0-1

[Event "Open Tournament For Novices #5"]
[Site "SchemingMind.com"]
[Date "2007.05.10"]
[Round "-"]
[White "loulou19"]
[Black "jtrochez1"]
[Result "0-1"]
[WhiteCountry "GBR"]
[BlackCountry "HON"]
[WhiteElo "1478"]
[WhiteRD "69"]
[BlackElo "1569"]
[BlackRD "49"]
[GameID "104572"]

1. e4 c5 2. c3 d6 3. Nf3 e6 4. d4 cxd4 5. cxd4 a6 6. Nc3 h6 7. Bc4 Ne7 8. O-O Ng6 9. Bg5 hxg5 10. Nxg5 Qxg5
11. d5 e5 12. Rc1 Bh3 13. Qf3 Nd7 14. Kh1 Bg4 15. Qe3 Qh5 16. h3 Nf4 17. Ne2 Nxe2 18. Bxe2 Bxe2 19. Rfe1 Bg4 20. Kg1 Qh7
21. f3 Bxh3 22. gxh3 Qxh3 23. Kf2 Qh2+ 24. Kf1 Qh1+ 25. Ke2 Qg2+ 26. Kd1 g6 27. Rc2 Qh3 28. Rf2 Bh6 29. Qe2 Rc8 30. f4 Bxf4
31. Rxf4 exf4 32. Rf1 g5 33. Qe1 Qd3+ 34. Qd2 Qxf1+
0-1

[Event "Open Tournament For Novices #5"]
[Site "SchemingMind.com"]
[Date "2007.05.10"]
[Round "-"]
[White "punmanbowler"]
[Black "jtrochez1"]
[Result "0-1"]
[WhiteCountry "USA"]
[BlackCountry "HON"]
[WhiteElo "1407"]
[WhiteRD "81"]
[BlackElo "1569"]
[BlackRD "49"]
[GameID "104573"]

1. e4 c5 2. Nf3 d6 3. Nc3 Bg4 4. Bc4 e6 5. d4 cxd4 6. Qxd4 Bxf3 7. gxf3 Nc6 8. Qd1 h6 9. Be3 Nf6 10. Nb5 a6
11. Nc3 Ne5 12. Bd3 Nxd3+ 13. cxd3 Nd7 14. Qb3 Ne5 15. O-O-O Nxf3 16. Qxb7 Be7 17. Qb3 Bg5 18. e5 O-O 19. exd6 Bxe3+ 20. fxe3 Qxd6
21. Ne4 Qe5 22. Rdf1 Rfc8+ 23. Kd1 Qh5 24. Ng3 Qg4 25. Ne2 Rab8 26. Qa3 e5 27. h3 Qh5 28. Qxa6 e4 29. Ng3 Qe5 30. Nxe4 Qxb2
31. Qc4 Rxc4 32. dxc4 Qb1+ 33. Ke2 Qxe4 34. Rxf3 Rb2+ 35. Ke1 Qb1#
0-1

[Event "Open Tournament For Novices #5"]
[Site "SchemingMind.com"]
[Date "2007.05.10"]
[Round "-"]
[White "Brerrabbit"]
[Black "jtrochez1"]
[Result "0-1"]
[WhiteCountry "SCO"]
[BlackCountry "HON"]
[WhiteElo "1302"]
[WhiteRD "70"]
[BlackElo "1559"]
[BlackRD "45"]
[GameID "104656"]

1. e4 c5 2. d4 cxd4 3. c3 dxc3 4. Nxc3 d6 5. Bb5+ Bd7 6. Nf3 Bxb5 7. Nxb5 Qa5+ 8. Nc3 e5 9. O-O Nf6 10. Bd2 Qd8
11. Rc1 Nc6 12. Nd5 Nxe4 13. Qa4 Nxd2 14. Nxd2 Be7 15. Rfe1 O-O 16. Qg4 f6 17. Rc3 Rf7 18. Rh3 f5 19. Qh5 g6 20. Qf3 Nd4
21. Qe3 Nc2 22. Qe2 Nxe1 23. Qxe1 Qa5 24. g3 Qxd5 25. f4 e4 26. g4 Rc8 27. gxf5 Qxf5 28. Nc4 Rxc4
0-1

[Event "Open Tournament For Novices #5"]
[Site "SchemingMind.com"]
[Date "2007.05.10"]
[Round "-"]
[White "Brerrabbit"]
[Black "mart_r3000"]
[Result "1-0"]
[WhiteCountry "SCO"]
[BlackCountry "ENG"]
[WhiteElo "1302"]
[WhiteRD "70"]
[BlackElo "1338"]
[BlackRD "52"]
[GameID "104657"]

1. e4 e5 2. Nf3 Nc6 3. Nc3 Bc5 4. Nxe5 Nxe5 5. d4 Bb6 6. dxe5 Ba5 7. Bc4 g6 8. O-O c6 9. Be3 Bc7 10. Qf3 Nh6
11. Bxh6 d5 12. Rad1 Be6 13. Bg7 Rg8 14. Bf6 Qd7 15. exd5 cxd5 16. Bxd5 Bg4 17. Bxf7+ Qxf7 18. Qxg4 h5 19. Qa4+ Kf8 20. Rd7 Qe8
21. Rxc7 Qxa4 22. Nxa4 Re8 23. Rxb7 a5 24. Nc5 g5 25. Re1 Rg6 26. Nd7+ Kg8 27. Re3 g4 28. f3 gxf3 29. Rxf3 Rc8 30. e6 Rxc2
31. Ne5 Rgxg2+ 32. Kh1 Rxh2+ 33. Kg1 h4 34. e7 Rhg2+ 35. Kf1 Kh7 36. e8=Q+
1-0

[Event "Open Tournament For Novices #5"]
[Site "SchemingMind.com"]
[Date "2007.05.11"]
[Round "-"]
[White "Brerrabbit"]
[Black "jhobeck"]
[Result "1-0"]
[WhiteCountry "SCO"]
[BlackCountry "USA"]
[WhiteElo "1330"]
[WhiteRD "72"]
[BlackElo "1270"]
[BlackRD "70"]
[GameID "104658"]

1. e4 e6 2. Nf3 d5 3. exd5 exd5 4. Qe2+ Qe7 5. d4 Qxe2+ 6. Bxe2 Nc6 7. Nc3 Nf6 8. O-O Bd6 9. Bg5 h6 10. Bxf6 gxf6
11. Rae1 Rg8 12. Bd3+ Ne7 13. Nxd5 Bh3 14. Nxf6+ Kf8 15. Nxg8 Nxg8 16. gxh3 Nf6 17. Be4 Re8 18. Bxb7 Rb8 19. Bc6 Rxb2 20. Re2 Bf4
21. Rfe1 Rxa2 22. Ne5 Ra3 23. Nd7+ Kg7 24. Nxf6 Rxh3 25. Nh5+ Kg6 26. Nxf4+ Kg5 27. Nxh3+
1-0

[Event "Open Tournament For Novices #5"]
[Site "SchemingMind.com"]
[Date "2007.05.10"]
[Round "-"]
[White "Brerrabbit"]
[Black "loulou19"]
[Result "0-1"]
[WhiteCountry "SCO"]
[BlackCountry "GBR"]
[WhiteElo "1378"]
[WhiteRD "69"]
[BlackElo "1515"]
[BlackRD "69"]
[GameID "104659"]

1. e4 e5 2. Nf3 Nc6 3. Nc3 d6 4. Bb5 a6 5. Bxc6+ bxc6 6. d4 Bd7 7. Bg5 Be7 8. Qd2 Nf6 9. dxe5 dxe5 10. Nxe5 O-O
11. O-O h6 12. Be3 Bd6 13. Nxd7 Qxd7 14. Rad1 Rfd8 15. Ne2 Rab8 16. b3 Qg4 17. Ng3 Nxe4 18. Nxe4 Qxe4 19. f3 Qh4 20. g3 Qf6
21. f4 c5 22. c4 Be7 23. Qf2 Qf5 24. Rfe1 Rd6 25. Bd2 Rbd8 26. Qe2 Re6 27. Qf2 Bf6 28. Rxe6 Qxe6 29. f5 Qe4 30. Re1 Qg4
31. Kg2 Bd4 32. Be3 Bc3 33. Rc1 Bd4 34. h3 Qe4+ 35. Qf3 Qxe3 36. Qxe3 Bxe3 37. Re1 Bd4 38. Re4 Rd6 39. Re8+ Kh7 40. Re7 Rf6
41. Rxc7 Rxf5 42. g4 Rf2+ 43. Kg3 f6 44. Ra7 Rxa2 45. Rb7 Be5+ 46. Kf3 Rh2 47. Ke4 Rxh3 48. Kd5 Bd4 49. b4 Rb3 50. b5 a5
51. Ra7 Kg6 52. Rxa5 Kg5 53. Ra6 Kxg4 54. b6 h5 55. Kc6 Be5 56. b7 h4 57. Ra8 h3
0-1

[Event "Open Tournament For Novices #5"]
[Site "SchemingMind.com"]
[Date "2007.05.11"]
[Round "-"]
[White "Brerrabbit"]
[Black "punmanbowler"]
[Result "0-1"]
[WhiteCountry "SCO"]
[BlackCountry "USA"]
[WhiteElo "1330"]
[WhiteRD "72"]
[BlackElo "1407"]
[BlackRD "81"]
[GameID "104660"]

1. e4 e5 2. Nf3 Nc6 3. Nc3 Bc5 4. Bc4 Nf6 5. d3 d6 6. Nd5 Bg4 7. Be3 O-O 8. Qd2 a6 9. O-O b5 10. Bb3 a5
11. a3 a4 12. Ba2 Nd4 13. c4 Nxd5 14. cxd5 Nxf3+ 15. gxf3 Bh3 16. Rfc1 Bxe3 17. Qxe3 Qf6 18. f4 exf4 19. Qxh3 Rac8 20. Rd1 Qxb2
21. Rdb1 Qd2 22. Rd1 Qc3 23. d4 Qxh3
0-1

[Event "Open Tournament For Novices #5"]
[Site "SchemingMind.com"]
[Date "2007.05.11"]
[Round "-"]
[White "jtrochez1"]
[Black "Brerrabbit"]
[Result "1-0"]
[WhiteCountry "HON"]
[BlackCountry "SCO"]
[WhiteElo "1559"]
[WhiteRD "45"]
[BlackElo "1302"]
[BlackRD "70"]
[GameID "104661"]

1. e4 e5 2. Nf3 Nc6 3. a3 Nf6 4. d3 d5 5. exd5 Qxd5 6. Nc3 Qd8 7. h3 Bc5 8. Be2 Be6 9. Ng5 Be7 10. Nxe6 fxe6
11. Be3 Qd6 12. O-O O-O-O 13. Nb5 b6 14. Nxd6+ Bxd6 15. b4 Nd5 16. Bd2 Rhf8 17. c4 Nf4 18. Bxf4 exf4 19. Bf3 Nd4 20. Be4 Rf6
21. Qa4 Ne2+ 22. Kh1 Kb8 23. c5 bxc5 24. bxc5 Bxc5 25. Qa6
1-0

[Event "Open Tournament For Novices #5"]
[Site "SchemingMind.com"]
[Date "2007.05.11"]
[Round "-"]
[White "mart_r3000"]
[Black "Brerrabbit"]
[Result "1-0"]
[WhiteCountry "ENG"]
[BlackCountry "SCO"]
[WhiteElo "1338"]
[WhiteRD "52"]
[BlackElo "1302"]
[BlackRD "70"]
[GameID "104662"]

1. e4 e5 2. d4 Bd6 3. Bc4 exd4 4. Qxd4 Nc6 5. Qd5 Qe7 6. Nf3 Nf6 7. Qd3 Nb4 8. Qb3 b6 9. Nc3 Nxe4 10. O-O O-O
11. Re1 Bb7 12. a3 Ba6 13. Bxa6 Nxa6 14. Nd5 Qe6 15. h3 c6 16. Ne3 Rfe8 17. Nc4 Nac5 18. Qe3 b5 19. Nd4 Qxc4 20. b3 Qc3
21. Bd2 Nxd2 22. Qxc3 Nce4 23. Rxe4 Nxe4 24. Qf3 Rab8 25. Nf5 Be5 26. Rd1 d5 27. Qg4 g6 28. Nh6+ Kf8 29. Qd7 Kg7 30. Ng4 Rbd8
31. Qxc6 d4 32. Qxb5 Bc7 33. Kf1 Nc3 34. Qc6 Nxd1 35. Qxc7 d3 36. cxd3 Rxd3 37. Kg1 Re1+ 38. Kh2 Rxb3 39. Qf4 h5 40. Qh6+ Kg8
41. Nf6#
1-0

[Event "Open Tournament For Novices #5"]
[Site "SchemingMind.com"]
[Date "2007.05.11"]
[Round "-"]
[White "jhobeck"]
[Black "Brerrabbit"]
[Result "1-0"]
[WhiteCountry "USA"]
[BlackCountry "SCO"]
[WhiteElo "1285"]
[WhiteRD "66"]
[BlackElo "1302"]
[BlackRD "70"]
[GameID "104663"]

1. e4 e5 2. Bc4 Nf6 3. d3 d5 4. exd5 Nxd5 5. Nf3 Bg4 6. h3 Bxf3 7. Qxf3 c6 8. Bb3 Bc5 9. Nc3 Nf6 10. Be3 Nbd7
11. O-O-O Qe7 12. Qg3 O-O-O 13. Bg5 h6 14. Bd2 Nd5 15. Ne4 Rhg8 16. Ba5 Rde8 17. Rhe1 b6 18. Bd2 f5 19. Nxc5 Nxc5 20. d4 f4
21. Qg4+ Kb8 22. Rxe5 Nxb3+ 23. axb3 Qd6 24. Bxf4 Rgf8 25. g3 Qf6 26. Rxe8+
1-0

[Event "Open Tournament For Novices #5"]
[Site "SchemingMind.com"]
[Date "2007.05.10"]
[Round "-"]
[White "loulou19"]
[Black "Brerrabbit"]
[Result "0-1"]
[WhiteCountry "GBR"]
[BlackCountry "SCO"]
[WhiteElo "1514"]
[WhiteRD "67"]
[BlackElo "1386"]
[BlackRD "76"]
[GameID "104664"]

1. d4 c5 2. e3 Nf6 3. c4 cxd4 4. exd4 Qa5+ 5. Bd2 Qc7 6. Nf3 e6 7. Nc3 Bb4 8. a3 Bxc3 9. Bxc3 d5 10. c5 Ne4
11. Bd3 Nc6 12. O-O Nxc3 13. bxc3 e5 14. Re1 O-O 15. Nxe5 Be6 16. Qh5 h6 17. c4 Nxe5 18. cxd5 Nxd3 19. Red1 Nxf2 20. Kxf2 Qf4+
21. Qf3 Qxf3+ 22. gxf3 Bxd5 23. Rab1 g5 24. Re1 f5 25. Re5 Rad8 26. Rbe1 g4 27. f4 Kg7 28. Kg3 h5 29. h3 Be4 30. Rd1 b6
31. cxb6 axb6 32. Rc1 Rxd4 33. Rc6 Rd3+ 34. Kh4 Bxc6 35. Kg5 Rxh3 36. Re7+ Rf7 37. Re6 Be4 38. Rg6+ Kh7 39. Rh6+ Kg8 40. Rg6+ Kf8
41. Rxb6 g3
0-1

[Event "Open Tournament For Novices #5"]
[Site "SchemingMind.com"]
[Date "2007.05.12"]
[Round "-"]
[White "punmanbowler"]
[Black "Brerrabbit"]
[Result "0-1"]
[WhiteCountry "USA"]
[BlackCountry "SCO"]
[WhiteElo "1407"]
[WhiteRD "81"]
[BlackElo "1330"]
[BlackRD "72"]
[GameID "104665"]

1. e4 e5 2. Nc3 Nf6 3. Nf3 Nc6 4. d4 d6 5. d5 Na5 6. Bb5+ Bd7 7. b4 Bxb5 8. Nxb5 Nxe4 9. O-O a6 10. Qd3 f5
11. Qa3 Nc4 12. Qd3 axb5 13. h3 Be7 14. g4 fxg4 15. hxg4 Ng5 16. Nxg5 Bxg5 17. Bxg5 Qxg5 18. f3 O-O 19. a3 Qh4 20. Qe2 Qg3+
21. Kh1 Rae8 22. a4 e4 23. fxe4 Rxf1+ 24. Qxf1 Rf8 25. Qg2 Qxg2+ 26. Kxg2 Ne3+ 27. Kh3 Nxc2 28. Rc1 Nxb4 29. Rxc7 bxa4 30. Rxb7 Na6
31. Rb6 Nc5 32. Rxd6 Nxe4 33. Ra6 Nc3 34. d6 Rd8 35. g5 Nb5 36. d7 Rxd7 37. Ra8+ Kf7 38. Kg4 Rd4+ 39. Kh5 a3 40. Ra5 Rb4
41. Ra6 Rb2 42. Rb6 a2 43. Rb7+ Ke6 44. Rxg7 a1=Q 45. Rxh7 Qh1+ 46. Kg6 Qe4+ 47. Kh6 Rh2+ 48. Kg7 Qxh7+
0-1